Nicholas Kaldor - jeden z prvých kritikov monetarizmu

Nicholas Kaldor - jeden z njvýznamnejších osobností svetovej ekonomickej vedy, zakladateľ postkeynesovstva. Prispel k rozvoju moderného ekonomického myslenia v oblastiach venovaných: teórii rozdeľovania a ekonomického rastu, teórii peňazí. Prehľad najvýznamnejších ekonomických diel.

Saved in:
Bibliographic Details
Main Author: Iša, Ján
Format: Book Chapter
Language:Slovak
Subjects:
Tags: Add Tag
No Tags, Be the first to tag this record!

MARC

LEADER 00000naa$a2200000$$$4500
001 0051365
005 20231116082933.8
041 0 |a slo 
044 |a SK 
245 1 0 |a Nicholas Kaldor - jeden z prvých kritikov monetarizmu  |c Ján Iša 
520 |a Nicholas Kaldor - jeden z njvýznamnejších osobností svetovej ekonomickej vedy, zakladateľ postkeynesovstva. Prispel k rozvoju moderného ekonomického myslenia v oblastiach venovaných: teórii rozdeľovania a ekonomického rastu, teórii peňazí. Prehľad najvýznamnejších ekonomických diel. 
610 2 0 |a ekonómovia 
610 2 0 |a Kaldor, N. 
610 2 0 |a životopisy 
610 2 0 |a postkeynesizmus 
610 2 0 |a myslenie ekonomické 
610 2 0 |a teória peňažná 
610 2 0 |a teória rovnováhy ekonomickej 
610 2 0 |a teória rozdeľovania 
610 2 0 |a rast hospodársky 
610 2 0 |a monetarizmus 
100 1 |a Iša, Ján